[Event "Rilton Cup 49th"]
[Site "Stockholm"]
[Date "2019.12.31"]
[Round "5"]
[White "Akash Pc, Iyer"]
[Black "Asaka, Samuel"]
[Result "1-0"]
[WhiteElo "2415"]
[BlackElo "2220"]
[PlyCount "55"]
[EventDate "2019.12.27"]
[EventType "swiss"]
[EventRounds "9"]
[EventCountry "SWE"]
[SourceTitle "CBM 194 Extra"]
[Source "ChessBase"]
[SourceDate "2020.03.31"]
[SourceVersion "1"]
[SourceVersionDate "2020.03.31"]
[SourceQuality "1"]

1. d4 Nf6 2. Bg5 d5 3. c4 Ne4 4. Bf4 c6 5. Nd2 Bf5 6. f3 Nf6 7. e3 e6 8. Qb3 Qc8 9. Rc1 Be7 10. g4 Bg6 11. h4 h6 12. Bh3 Nbd7 13. Ne2 b6 14. Bg3 Qb7 15. Nf4 Bh7 16. g5 dxc4 17. Nxc4 Nd5 18. g6 Bxg6 19. Nxg6 fxg6 20. Bxe6 Rf8 21. 0-0 Rc8 22. Na5 Qa6 23. Nxc6 N5f6 24. Ne5 Rxc1 25. Rxc1 Nxe5 26. Bxe5 Qb7 27. Qb5+ Nd7 28. Rc7 1-0

[Event "El Prat de Llobregat op-A 1st"]
[Site "El Prat de Llobregat"]
[Date "2019.12.09"]
[Round "7"]
[White "Akash Pc, Iyer"]
[Black "Sosa, Tomas Sebastian"]
[Result "0-1"]
[WhiteElo "2415"]
[BlackElo "2520"]
[PlyCount "78"]
[EventDate "2019.12.03"]
[EventType "swiss"]
[EventRounds "9"]
[EventCountry "ESP"]
[SourceTitle "CBM 193 Extra"]
[Source "ChessBase"]
[SourceDate "2020.01.31"]
[SourceVersion "1"]
[SourceVersionDate "2020.01.31"]
[SourceQuality "1"]

1. d4 e6 2. c4 b6 3. Nc3 Bb7 4. e3 Nf6 5. Nge2 g6 6. Qc2 Bg7 7. e4 0-0 8. Bg5 h6 9. Bh4 g5 10. Bg3 d5 11. e5 Ne4 12. 0-0-0 Nxc3 13. Nxc3 Nc6 14. h4 dxc4 15. Qd2 Nb4 16. hxg5 Qxg5 17. Bf4 Qg6 18. Bxh6 Rad8 19. Bxg7 Kxg7 20. Rh4 c5 21. Rh3 Rxd4 22. Rg3 Qxg3 23. fxg3 Rxd2 24. Rxd2 Nc6 25. Rd7 Rb8 26. Nb5 Nxe5 27. Rc7 a6 28. Nd6 Bd5 29. Nc8 Kf8 30. a4 Ke8 31. Nd6+ Kf8 32. Nc8 Ke8 33. Nd6+ Kd8 34. Ra7 f5 35. Kd2 b5 36. axb5 axb5 37. Ke3 Rb6 38. Nf7+ Nxf7 39. Rxf7 Ra6 0-1

[Event "Djenovici TS10 GM 3rd"]
[Site "Djenovici"]
[Date "2019.10.27"]
[Round "9"]
[White "Akash Pc, Iyer"]
[Black "Dedebas, Emre Emin"]
[Result "1/2-1/2"]
[WhiteElo "2427"]
[BlackElo "2355"]
[PlyCount "107"]
[EventDate "2019.10.19"]
[EventType "tourn"]
[EventRounds "9"]
[EventCountry "MNE"]
[EventCategory "6"]
[SourceTitle "CBM 192 Extra"]
[Source "Chessbase"]
[SourceDate "2019.11.06"]
[SourceVersion "1"]
[SourceVersionDate "2019.11.06"]
[SourceQuality "1"]

1. d4 d5 2. c4 dxc4 3. Nf3 c5 4. e3 cxd4 5. Bxc4 Qc7 6. Bb3 dxe3 7. Bxe3 Nc6 8. Nc3 e6 9. 0-0 Nf6 10. Nb5 Qa5 11. Nd6+ Bxd6 12. Qxd6 Ne4 13. Qf4 Qf5 14. Qh4 Nf6 15. h3 0-0 16. Rac1 Qh5 17. Qg3 Qg6 18. Qh2 Nd5 19. Bc2 f5 20. Bc5 Rd8 21. Rfe1 Bd7 22. Bb3 Rac8 23. Rc2 Re8 24. Rd2 Rcd8 25. h4 h6 26. Red1 Bc8 27. Ba4 Bd7 28. Bd6 Qf6 29. Bb3 Bc8 30. Be5 Nxe5 31. Qxe5 Qf7 32. Nd4 a6 33. a4 Kh8 34. a5 Qc7 35. Qxc7 Nxc7 36. Nf3 Rxd2 37. Rxd2 e5 38. Rc2 e4 39. Rxc7 exf3 40. gxf3 Rd8 41. f4 h5 42. Bf7 Bd7 43. Bg6 Bc6 44. Kh2 Kg8 45. Bxf5 Rd2 46. Kg3 Rxb2 47. Be6+ Kh7 48. f5 Re2 49. Rc8 Re1 50. Bf7 Rg1+ 51. Kf4 Rg4+ 52. Ke5 Re4+ 53. Kd6 Rxh4 54. Bg6+ 1/2-1/2

[Event "Djenovici TS10 GM 3rd"]
[Site "Djenovici"]
[Date "2019.10.23"]
[Round "5"]
[White "Baenziger, Fabian"]
[Black "Akash Pc, Iyer"]
[Result "1/2-1/2"]
[WhiteElo "2378"]
[BlackElo "2427"]
[PlyCount "51"]
[EventDate "2019.10.19"]
[EventType "tourn"]
[EventRounds "9"]
[EventCountry "MNE"]
[EventCategory "6"]
[SourceTitle "CBM 192 Extra"]
[Source "Chessbase"]
[SourceDate "2019.11.06"]
[SourceVersion "1"]
[SourceVersionDate "2019.11.06"]
[SourceQuality "1"]

1. d4 Nf6 2. c4 c5 3. d5 d6 4. Nc3 g6 5. g3 Bg7 6. Bg2 0-0 7. Nf3 e5 8. 0-0 Na6 9. e4 Nc7 10. Ne1 b5 11. cxb5 Rb8 12. a4 a6 13. Nd3 axb5 14. b4 c4 15. Nb2 bxa4 16. Nxc4 Ba6 17. Na5 Bxf1 18. Qxf1 Qe8 19. Nc6 Rb7 20. b5 Nd7 21. Ba3 Nc5 22. Bxc5 dxc5 23. Qc4 Qd7 24. Na5 Rxb5 25. Nxb5 Qxb5 26. Qxa4 1/2-1/2

[Event "Djenovici TS10 GM 3rd"]
[Site "Djenovici"]
[Date "2019.10.22"]
[Round "4"]
[White "Akash Pc, Iyer"]
[Black "Dizdarevic, Emir"]
[Result "1/2-1/2"]
[WhiteElo "2427"]
[BlackElo "2446"]
[PlyCount "77"]
[EventDate "2019.10.19"]
[EventType "tourn"]
[EventRounds "9"]
[EventCountry "MNE"]
[EventCategory "6"]
[SourceTitle "CBM 192 Extra"]
[Source "Chessbase"]
[SourceDate "2019.11.06"]
[SourceVersion "1"]
[SourceVersionDate "2019.11.06"]
[SourceQuality "1"]

1. e4 e6 2. d4 d5 3. Nc3 Bb4 4. e5 Ne7 5. a3 Bxc3+ 6. bxc3 c5 7. Qg4 Kf8 8. Bd2 h6 9. Ne2 Nbc6 10. Qf4 Qb6 11. h4 Bd7 12. h5 Rc8 13. Rh3 Kg8 14. g4 Qb2 15. Rc1 Qxa3 16. Rf3 Rf8 17. Rg3 c4 18. Bh3 g5 19. Qe3 f6 20. exf6 Rxf6 21. f4 gxf4 22. Nxf4 Kf7 23. g5 hxg5 24. Rxg5 Qd6 25. Ke2 Ke8 26. Ng6 Nxg6 27. hxg6 Qh2+ 28. Bg2 Rxg6 29. Rh1 Qxg2+ 30. Rxg2 Rxg2+ 31. Kf1 Rxh1+ 32. Kxg2 Rh7 33. Qg3 Kf7 34. Bg5 Rg7 35. Qf4+ Kg8 36. Kf2 Be8 37. Ke1 Bg6 38. Bf6 Rh7 39. Kd2 1/2-1/2

[Event "Djenovici TS10 GM 3rd"]
[Site "Djenovici"]
[Date "2019.10.19"]
[Round "1"]
[White "Cirovic, Miroljub"]
[Black "Akash Pc, Iyer"]
[Result "0-1"]
[WhiteElo "2229"]
[BlackElo "2427"]
[PlyCount "112"]
[EventDate "2019.10.19"]
[EventType "tourn"]
[EventRounds "9"]
[EventCountry "MNE"]
[EventCategory "6"]
[SourceTitle "CBM 192 Extra"]
[Source "Chessbase"]
[SourceDate "2019.11.06"]
[SourceVersion "1"]
[SourceVersionDate "2019.11.06"]
[SourceQuality "1"]

1. Nf3 Nf6 2. g3 d5 3. Bg2 Bg4 4. 0-0 Nbd7 5. d3 e6 6. Nbd2 Be7 7. b3 0-0 8. Bb2 a5 9. a4 c6 10. e4 Nc5 11. Qe2 Re8 12. h3 Bxf3 13. Bxf3 Qb8 14. e5 Nfd7 15. d4 Na6 16. Bg2 f5 17. exf6 Bxf6 18. f4 c5 19. c3 Qa7 20. Nf3 cxd4 21. cxd4 Qb6 22. Qe3 Nb4 23. Rac1 Rac8 24. Kh2 Nf8 25. Ne5 Bxe5 26. fxe5 Ng6 27. h4 Rxc1 28. Rxc1 Nc6 29. Qd3 Rf8 30. h5 Nge7 31. Qb5 Qa7 32. Rf1 Nf5 33. Bxd5 Ncxd4 34. Bxd4 Nxd4 35. Rxf8+ Kxf8 36. Qf1+ Kg8 37. Qc4 Qb6 38. Qc8+ Kf7 39. Qd7+ Kf8 40. Qc8+ Ke7 41. Bg2 Nf5 42. g4 Nh6 43. Qh8 Nxg4+ 44. Kh3 Nxe5 45. Qxg7+ Nf7 46. Qc3 h6 47. Kh2 Qd6+ 48. Kg1 b6 49. Qf3 Ne5 50. Qb7+ Kf6 51. Qc8 Qd4+ 52. Kf1 Qd3+ 53. Kf2 Ng4+ 54. Ke1 Qg3+ 55. Kd1 Qxg2 56. Qf8+ Kg5 0-1

[Event "Budapest FS10 GM"]
[Site "Budapest"]
[Date "2019.10.11"]
[Round "6"]
[White "Krishna Teja, N."]
[Black "Akash Pc, Iyer"]
[Result "1/2-1/2"]
[WhiteElo "2364"]
[BlackElo "2431"]
[PlyCount "74"]
[EventDate "2019.10.05"]
[EventType "tourn"]
[EventRounds "9"]
[EventCountry "HUN"]
[EventCategory "7"]
[SourceTitle "CBM 192 Extra"]
[Source "Chessbase"]
[SourceDate "2019.11.06"]
[SourceVersion "1"]
[SourceVersionDate "2019.11.06"]
[SourceQuality "1"]

1. d4 Nf6 2. c4 g6 3. Nc3 Bg7 4. e4 d6 5. Be2 0-0 6. Be3 e5 7. d5 Na6 8. g4 Nc5 9. f3 h5 10. g5 Nh7 11. h4 Bd7 12. b4 Na6 13. a3 f6 14. gxf6 Bxf6 15. Bf2 Be7 16. Kd2 c6 17. Kc2 Nc7 18. Kb2 cxd5 19. cxd5 Rc8 20. Qe1 Na8 21. Rc1 Nb6 22. Be3 a5 23. bxa5 Nc4+ 24. Bxc4 Rxc4 25. Bb6 Qe8 26. Qg3 Qf7 27. Nge2 Rfc8 28. Rhg1 Nf8 29. Rcf1 Bf6 30. Be3 Bg7 31. Rc1 Qe8 32. Na2 Bb5 33. Nec3 R4c7 34. Nb4 Bc4 35. Rg2 Ba6 36. Rgc2 Rc4 37. Rg2 Kh7 1/2-1/2

[Event "Budapest FS10 GM"]
[Site "Budapest"]
[Date "2019.10.07"]
[Round "3"]
[White "Mullick, Raahil"]
[Black "Akash Pc, Iyer"]
[Result "1-0"]
[WhiteElo "2399"]
[BlackElo "2431"]
[PlyCount "99"]
[EventDate "2019.10.05"]
[EventType "tourn"]
[EventRounds "9"]
[EventCountry "HUN"]
[EventCategory "7"]
[SourceTitle "CBM 192 Extra"]
[Source "Chessbase"]
[SourceDate "2019.11.06"]
[SourceVersion "1"]
[SourceVersionDate "2019.11.06"]
[SourceQuality "1"]

1. e4 Nc6 2. Nf3 d6 3. d4 Nf6 4. d5 Nb8 5. Nc3 g6 6. Be2 Bg7 7. 0-0 0-0 8. Be3 c6 9. Qd2 Qc7 10. Rad1 Nbd7 11. h3 a6 12. a4 cxd5 13. exd5 Nc5 14. Bd4 Bd7 15. b3 Rac8 16. Rfe1 Nce4 17. Nxe4 Nxe4 18. Qe3 Nc3 19. Bxg7 Kxg7 20. Rd2 Nxe2+ 21. Rdxe2 e5 22. dxe6 fxe6 23. Rd2 Rf6 24. Red1 d5 25. Ne5 Bc6 26. Re1 Bd7 27. Ng4 Rf4 28. g3 Rxg4 29. hxg4 Qc3 30. Rd3 Qxc2 31. Qd4+ Kg8 32. Rf3 Qc5 33. Qe5 Qb4 34. Kg2 d4 35. Re4 Qc5 36. Qf6 Rf8 37. Qxf8+ Qxf8 38. Rxf8+ Kxf8 39. Rxd4 Bc6+ 40. Kf1 Bd5 41. Rxd5 exd5 42. Ke2 Ke7 43. Ke3 h5 44. gxh5 gxh5 45. Kd4 Ke6 46. a5 Kd6 47. b4 Ke6 48. f4 Kf5 49. Kxd5 Kg4 50. Ke5 1-0

[Event "Budapest FS10 GM"]
[Site "Budapest"]
[Date "2019.10.05"]
[Round "1"]
[White "Nguyen, Van Huy"]
[Black "Akash Pc, Iyer"]
[Result "1-0"]
[WhiteElo "2454"]
[BlackElo "2431"]
[PlyCount "95"]
[EventDate "2019.10.05"]
[EventType "tourn"]
[EventRounds "9"]
[EventCountry "HUN"]
[EventCategory "7"]
[SourceTitle "CBM 192 Extra"]
[Source "Chessbase"]
[SourceDate "2019.11.06"]
[SourceVersion "1"]
[SourceVersionDate "2019.11.06"]
[SourceQuality "1"]

1. d4 Nf6 2. c4 g6 3. Nc3 Bg7 4. e4 d6 5. Nf3 0-0 6. Be2 Na6 7. 0-0 e5 8. Be3 Ng4 9. Bg5 f6 10. Bh4 g5 11. Bg3 Nh6 12. a3 Kh8 13. dxe5 fxe5 14. b4 Nb8 15. c5 Nc6 16. cxd6 cxd6 17. Nd2 Nd4 18. Rc1 Be6 19. Nb5 Nxb5 20. Bxb5 Ng4 21. Bc4 Bd7 22. Be2 Nf6 23. Nc4 Bb5 24. Na5 Qb6 25. Bxb5 Qxb5 26. Qxd6 Nxe4 27. Qe7 Nxg3 28. hxg3 e4 29. Qxe4 Rae8 30. Qxb7 Qd3 31. Nc6 Re6 32. Rcd1 Qe2 33. Nd4 Bxd4 34. Rxd4 Rh6 35. Qe4 Qh5 36. f3 Re8 37. Qd3 Rhe6 38. Rd7 Qh6 39. Qd4+ Kg8 40. Rxa7 Rd6 41. Qc4+ Kh8 42. Qc3+ Kg8 43. Rc7 Qg6 44. Rc8 Rde6 45. Rd1 Rxc8 46. Qxc8+ Re8 47. Qc4+ Kh8 48. g4 1-0

[Event "Tbilisi Gaprindashvili Cup"]
[Site "Tbilisi"]
[Date "2019.09.23"]
[Round "3"]
[White "Akhvlediani, Irakli"]
[Black "Akash Pc, Iyer"]
[Result "1/2-1/2"]
[WhiteElo "2292"]
[BlackElo "2431"]
[PlyCount "138"]
[EventDate "2019.09.21"]
[EventType "swiss"]
[EventRounds "9"]
[EventCountry "GEO"]
[SourceTitle "EXT 2020"]
[Source "ChessBase"]
[SourceDate "2019.10.17"]
[SourceVersion "1"]
[SourceVersionDate "2019.10.17"]
[SourceQuality "1"]

1. d4 e6 2. c4 f5 3. Nf3 Nf6 4. Nc3 Bb4 5. Qb3 a5 6. Bd2 0-0 7. a3 Bxc3 8. Qxc3 b6 9. Bg5 Bb7 10. g3 Bxf3 11. Qxf3 Nc6 12. d5 Nd4 13. Qd3 e5 14. Be3 f4 15. Bxd4 exd4 16. Qxd4 Qe8 17. Bg2 fxg3 18. hxg3 Qg6 19. Bf3 Qc2 20. Qd2 Qf5 21. Qd3 Qg5 22. 0-0 Rae8 23. Qd4 Nh5 24. Qg4 Qxg4 25. Bxg4 Nf6 26. Bf3 Ne4 27. Bxe4 Rxe4 28. e3 Rxc4 29. Rac1 Rc5 30. Rfd1 a4 31. Kg2 g5 32. Rxc5 bxc5 33. Rc1 d6 34. Rc4 Rb8 35. Rxa4 Rxb2 36. Ra7 Rd2 37. e4 Rd4 38. Rxc7 Rxe4 39. Rd7 Ra4 40. Rxd6 Rxa3 41. Rc6 Rc3 42. Rc7 Rd3 43. Rxc5 h6 44. Kh3 Rd4 45. Rc6 Kg7 46. d6 h5 47. Rc7+ Kf6 48. Rd7 Rd1 49. f3 Rd2 50. Rd8 Kg7 51. d7 g4+ 52. fxg4 hxg4+ 53. Kxg4 Rd4+ 54. Kf5 Rd1 55. g4 Rf1+ 56. Kg5 Rd1 57. Ra8 Rxd7 58. Ra6 Rd5+ 59. Kh4 Rd7 60. Kh5 Rd8 61. Rg6+ Kh7 62. Re6 Kg7 63. Re7+ Kg8 64. g5 Ra8 65. Kh6 Ra6+ 66. g6 Ra8 67. Rg7+ Kh8 68. Rd7 Kg8 69. Rg7+ Kh8 1/2-1/2

[Event "Abu Dhabi op 26th"]
[Site "Abu Dhabi"]
[Date "2019.08.10"]
[Round "9"]
[White "Santos Ruiz, Miguel"]
[Black "Akash Pc, Iyer"]
[Result "1-0"]
[WhiteElo "2567"]
[BlackElo "2443"]
[PlyCount "65"]
[EventDate "2019.08.02"]
[EventType "swiss"]
[EventRounds "9"]
[EventCountry "UAE"]
[SourceTitle "CBM 191 Extra"]
[Source "ChessBase"]
[SourceDate "2019.09.30"]
[SourceVersion "1"]
[SourceVersionDate "2019.09.30"]
[SourceQuality "1"]

1. e4 e5 2. Nf3 Nc6 3. Bb5 a6 4. Ba4 Nf6 5. 0-0 b5 6. Bb3 Bc5 7. a4 Rb8 8. Nxe5 Nxe5 9. d4 Bxd4 10. Qxd4 d6 11. Bf4 0-0 12. f3 Nfd7 13. axb5 axb5 14. Nc3 Ng6 15. Be3 Nc5 16. Ba2 Ne5 17. Rfd1 b4 18. Nd5 b3 19. cxb3 Nxb3 20. Bxb3 Rxb3 21. Bf4 c5 22. Qf2 Ng6 23. Bg3 Qd7 24. Rd2 Rd8 25. Rad1 Qb7 26. Nc3 Be6 27. Bxd6 c4 28. f4 Bg4 29. Bc5 Rxd2 30. Rxd2 Bd7 31. Qd4 Be8 32. f5 Nf4 33. Qd6 1-0

[Event "Abu Dhabi op 26th"]
[Site "Abu Dhabi"]
[Date "2019.08.08"]
[Round "7"]
[White "Praggnanandhaa, Rameshbabu"]
[Black "Akash Pc, Iyer"]
[Result "1/2-1/2"]
[WhiteElo "2569"]
[BlackElo "2443"]
[PlyCount "133"]
[EventDate "2019.08.02"]
[EventType "swiss"]
[EventRounds "9"]
[EventCountry "UAE"]
[SourceTitle "CBM 191 Extra"]
[Source "ChessBase"]
[SourceDate "2019.09.30"]
[SourceVersion "1"]
[SourceVersionDate "2019.09.30"]
[SourceQuality "1"]

1. e4 c6 2. d4 d5 3. e5 Bf5 4. Nd2 e6 5. Nb3 Ne7 6. Nf3 Bg4 7. h3 Bxf3 8. Qxf3 Ng6 9. h4 Nxh4 10. Qh3 Be7 11. Bd3 Nd7 12. g3 Nf3+ 13. Ke2 Ng5 14. Bxg5 Bxg5 15. f4 Be7 16. f5 exf5 17. Qxf5 g6 18. Qf3 Bg5 19. Raf1 Qe7 20. Kd1 Nf8 21. Rh2 Ne6 22. Qh1 h6 23. Rhf2 0-0 24. c3 Rad8 25. Be2 c5 26. Bg4 cxd4 27. cxd4 b6 28. Qh3 Ng7 29. Qh1 a5 30. Qf3 f5 31. exf6 Rxf6 32. Qd3 Rxf2 33. Rxf2 Qe4 34. Qxe4 dxe4 35. a4 Rf8 36. Rc2 h5 37. Bh3 Rf3 38. Rc3 e3 39. Nd2 Rxg3 40. Ne4 Rg1+ 41. Ke2 Nf5 42. Rc8+ Kg7 43. Rc7+ Kh6 44. Bxf5 gxf5 45. Nxg5 Rxg5 46. Kxe3 h4 47. Rc8 Rh5 48. Kf2 f4 49. Rc6+ Kg7 50. Rxb6 h3 51. Rb5 Rh4 52. Kg1 h2+ 53. Kh1 Kf6 54. Re5 f3 55. Re3 Rh3 56. Re8 Kf5 57. d5 Kg4 58. Rg8+ Kf4 59. d6 Rh7 60. Re8 Rd7 61. Kxh2 Rxd6 62. Kg1 Rd1+ 63. Kf2 Rd2+ 64. Kf1 Rxb2 65. Rf8+ Ke3 66. Re8+ Kd3 67. Re5 1/2-1/2

[Event "Abu Dhabi op 26th"]
[Site "Abu Dhabi"]
[Date "2019.08.05"]
[Round "5"]
[White "Onischuk, Vladimir"]
[Black "Akash Pc, Iyer"]
[Result "1-0"]
[WhiteElo "2640"]
[BlackElo "2443"]
[PlyCount "41"]
[EventDate "2019.08.02"]
[EventType "swiss"]
[EventRounds "9"]
[EventCountry "UAE"]
[SourceTitle "CBM 191 Extra"]
[Source "ChessBase"]
[SourceDate "2019.09.30"]
[SourceVersion "1"]
[SourceVersionDate "2019.09.30"]
[SourceQuality "1"]

1. e4 c5 2. Ne2 Nc6 3. Nbc3 d6 4. g3 g6 5. d4 Bg4 6. d5 Ne5 7. f4 Nc4 8. Qd3 Nb6 9. a4 Bg7 10. a5 Nd7 11. Bg2 Ngf6 12. Ng1 c4 13. Qe3 Nc5 14. h3 Bc8 15. e5 Nh5 16. g4 Nxf4 17. Qxf4 Bxe5 18. Qxc4 Bg3+ 19. Kd1 0-0 20. Nf3 Bd7 21. Ne2 1-0

[Event "Abu Dhabi op 26th"]
[Site "Abu Dhabi"]
[Date "2019.08.02"]
[Round "1"]
[White "Mohamed, Faisal"]
[Black "Akash Pc, Iyer"]
[Result "0-1"]
[WhiteElo "2150"]
[BlackElo "2443"]
[PlyCount "59"]
[EventDate "2019.08.02"]
[EventType "swiss"]
[EventRounds "9"]
[EventCountry "UAE"]
[SourceTitle "CBM 191 Extra"]
[Source "ChessBase"]
[SourceDate "2019.09.30"]
[SourceVersion "1"]
[SourceVersionDate "2019.09.30"]
[SourceQuality "1"]

1. c4 d5 2. e3 Nf6 3. b3 e6 4. Nf3 Bd6 5. Bb2 Nbd7 6. Nc3 c6 7. Qc2 Qe7 8. Rg1 dxc4 9. bxc4 e5 10. h3 Ba3 11. Bxa3 Qxa3 12. g4 0-0 13. h4 Qe7 14. Be2 e4 15. Nd4 Nc5 16. g5 Ne8 17. Nb3 Bf5 18. Nd4 Nd6 19. Rb1 Bd7 20. Qb2 f5 21. Qa3 b6 22. Nb3 Ndb7 23. Kd1 Qe5 24. Kc2 f4 25. Rbe1 f3 26. Bd1 Nd3 27. Kb1 Nxe1 28. Nd4 c5 29. Ndb5 Bxb5 30. Nxb5 0-1

[Event "Biel MTO op 52nd"]
[Site "Biel"]
[Date "2019.07.23"]
[Round "2"]
[White "Jumabayev, Rinat"]
[Black "Akash Pc, Iyer"]
[Result "1-0"]
[WhiteElo "2633"]
[BlackElo "2441"]
[PlyCount "93"]
[EventDate "2019.07.22"]
[EventType "swiss"]
[EventRounds "9"]
[EventCountry "SUI"]
[SourceTitle "CBM 191 Extra"]
[Source "ChessBase"]
[SourceDate "2019.09.30"]
[SourceVersion "1"]
[SourceVersionDate "2019.09.30"]
[SourceQuality "1"]

1. e4 c5 2. Nf3 Nc6 3. Nc3 e5 4. Bc4 d6 5. d3 Be7 6. Nd2 Nf6 7. Nf1 a6 8. a4 Bg4 9. f3 Be6 10. Ne3 0-0 11. 0-0 Nb4 12. Re1 Rb8 13. Bd2 Re8 14. a5 g6 15. Kh1 Bf8 16. Qe2 Bg7 17. Qf2 Rc8 18. Ncd5 Nbxd5 19. exd5 Bd7 20. Rab1 Rc7 21. b4 cxb4 22. Rxb4 Bc8 23. Rb6 Bf8 24. Bb4 Be7 25. Qd2 Rf8 26. Bb3 Rd7 27. Qc3 Ne8 28. Ba4 Nc7 29. Bxd7 Qxd7 30. Qa3 Rd8 31. Bd2 Nb5 32. Qa2 Bh4 33. Rf1 Be7 34. c4 Nd4 35. Bc3 Re8 36. Rbb1 Bg5 37. Qf2 Qa4 38. Rfe1 Qa3 39. Bxd4 exd4 40. Nc2 Rxe1+ 41. Rxe1 Qa4 42. Qxd4 Bd2 43. Re7 Bg5 44. Re2 Bf5 45. h4 Bd8 46. c5 Qd7 47. cxd6 1-0

[Event "London Classic op 10th"]
[Site "London"]
[Date "2018.12.11"]
[Round "3"]
[White "Knudsen, Simon"]
[Black "Akash Pc, Iyer"]
[Result "0-1"]
[WhiteElo "2206"]
[BlackElo "2441"]
[PlyCount "120"]
[EventDate "2018.12.09"]
[EventType "swiss"]
[EventRounds "9"]
[EventCountry "ENG"]
[SourceTitle "CBM 187 Extra"]
[Source "ChessBase"]
[SourceDate "2018.11.04"]
[SourceVersion "1"]
[SourceVersionDate "2018.11.04"]
[SourceQuality "1"]

1. e4 Nc6 2. Nf3 d6 3. d4 Bg4 4. d5 Nb8 5. h3 Bh5 6. Be3 Nd7 7. Be2 Ngf6 8. Nc3 Bg6 9. Nd2 e5 10. g4 Nc5 11. Bf3 Nfd7 12. Qe2 Be7 13. Nc4 h6 14. b4 Na6 15. a3 Bg5 16. Bxg5 hxg5 17. Na5 Qc8 18. Qb5 b6 19. Nc4 Nab8 20. Ne3 a6 21. Qc4 f6 22. Kf1 Kf7 23. Kg2 Nf8 24. Rh2 Bh7 25. Nf5 Ng6 26. h4 Nf4+ 27. Kf1 b5 28. Qb3 Bxf5 29. gxf5 Rxh4 30. Rxh4 gxh4 31. Ne2 Nd7 32. c4 bxc4 33. Qxc4 a5 34. Rc1 axb4 35. axb4 Ra7 36. Qc3 Qa6 37. Qe3 Rb7 38. Kg1 Nh3+ 39. Kh2 Ng5 40. Rg1 Qb6 41. Bh5+ Kf8 42. Nc3 Qxe3 43. fxe3 Rxb4 44. Ra1 Ke7 45. Ra7 Kd8 46. Ra8+ Rb8 47. Ra2 Nc5 48. Kg2 Ngxe4 49. Nxe4 Nxe4 50. Kh3 Ng5+ 51. Kxh4 Kd7 52. Be2 Ne4 53. Ra3 Rb2 54. Bf1 Nd2 55. Ba6 c6 56. dxc6+ Kxc6 57. Kh5 Ne4 58. Kg6 Rg2+ 59. Kf7 Nc5 60. Bc8 d5 0-1

[Event "Titled Tuesday intern op 3rd July"]
[Site "Chess.com INT"]
[Date "2018.07.03"]
[Round "6"]
[White "Akash Pc, Iyer"]
[Black "Wiewiora, Eneasz"]
[Result "1-0"]
[WhiteElo "2435"]
[BlackElo "2324"]
[PlyCount "81"]
[EventDate "2018.07.03"]
[EventType "swiss (blitz)"]
[EventRounds "10"]
[EventCountry "USA"]
[SourceTitle "EXT 2021"]
[Source "ChessBase"]
[SourceDate "2020.10.23"]
[SourceVersion "1"]
[SourceVersionDate "2020.10.23"]
[SourceQuality "1"]

1. e4 d6 2. d4 Nf6 3. Bd3 e5 4. c3 Nc6 5. Nf3 Bg4 6. d5 Ne7 7. h3 Bd7 8. c4 Ng6 9. Nc3 Be7 10. Be3 0-0 11. Qd2 c6 12. 0-0 a6 13. Rfd1 cxd5 14. cxd5 Nh5 15. a4 Nhf4 16. Bf1 f5 17. a5 fxe4 18. Nh2 Bf5 19. Ra4 Qd7 20. b3 Nh4 21. Nxe4 h6 22. Ng3 Bh7 23. Bxf4 exf4 24. Rxf4 Bg5 25. Rxf8+ Rxf8 26. Qe2 Qd8 27. Qe6+ Kh8 28. Bd3 Bxd3 29. Rxd3 Qxa5 30. Ng4 Qa1+ 31. Kh2 Bf4 32. Qe7 Ng6 33. Qe4 Ne5 34. Nxe5 Bxe5 35. Rf3 Re8 36. Qg6 Rg8 37. Rf7 Qb2 38. f4 Bf6 39. Nh5 Qf2 40. Rxf6 gxf6 41. Qxh6# 1-0

[Event "Montcada op-A 26th"]
[Site "Montcada"]
[Date "2018.06.30"]
[Round "6"]
[White "Himanshu, Sharma"]
[Black "Akash Pc, Iyer"]
[Result "0-1"]
[WhiteElo "2420"]
[BlackElo "2435"]
[PlyCount "84"]
[EventDate "2018.06.25"]
[EventType "swiss"]
[EventRounds "9"]
[EventCountry "ESP"]
[SourceTitle "CBM 185 Extra"]
[Source "ChessBase"]
[SourceDate "2018.07.29"]
[SourceVersion "1"]
[SourceVersionDate "2018.07.29"]
[SourceQuality "1"]

1. e4 d6 2. Nc3 g6 3. g3 Bg7 4. Bg2 e5 5. Nge2 Nc6 6. 0-0 Nge7 7. d3 0-0 8. Nd5 f5 9. c4 Kh8 10. Rb1 Nxd5 11. cxd5 Ne7 12. b4 h6 13. Be3 g5 14. exf5 Bxf5 15. b5 Qd7 16. Nc3 Bg4 17. f3 Bh5 18. Qd2 Bf7 19. f4 exf4 20. gxf4 g4 21. Be4 Nf5 22. Ne2 Rae8 23. Bf2 Bg6 24. Rb4 h5 25. Nd4 Bxd4 26. Bxd4+ Kh7 27. Qf2 Qd8 28. Bc3 Nh4 29. Kh1 Rf7 30. Be1 Bxe4+ 31. dxe4 Nf3 32. Bd2 Qf6 33. Qe3 Qh4 34. Qe2 Nxd2 35. Qxd2 g3 36. Rf3 Rg7 37. Rb1 Kh8 38. e5 dxe5 39. fxe5 Qe4 40. Rbb3 Rf8 41. Rbe3 g2+ 42. Kg1 Rxf3 0-1

[Event "Voronezh op-A 22nd"]
[Site "Voronezh"]
[Date "2018.06.21"]
[Round "9"]
[White "Akash Pc, Iyer"]
[Black "Korneev, Oleg"]
[Result "1/2-1/2"]
[WhiteElo "2435"]
[BlackElo "2517"]
[PlyCount "101"]
[EventDate "2018.06.12"]
[EventType "swiss"]
[EventRounds "9"]
[EventCountry "RUS"]
[SourceTitle "EXT 2019"]
[Source "ChessBase"]
[SourceDate "2018.10.10"]
[SourceVersion "1"]
[SourceVersionDate "2018.10.10"]
[SourceQuality "1"]

1. d4 d5 2. c4 c6 3. Nf3 Nf6 4. g3 Bf5 5. Bg2 e6 6. 0-0 Be7 7. Nc3 Nbd7 8. Nd2 0-0 9. e4 dxe4 10. Ndxe4 Nxe4 11. Nxe4 Nf6 12. Nc3 Qb6 13. Na4 Qa6 14. Qb3 Be4 15. Bxe4 Nxe4 16. Qc2 Nf6 17. Bg5 Rfd8 18. Rfd1 h6 19. Bf4 b5 20. Nc5 Bxc5 21. cxb5 Qxb5 22. dxc5 Rxd1+ 23. Rxd1 Nd5 24. Bd6 a5 25. Rd4 Re8 26. Be5 f6 27. Qg6 Rf8 28. Bd6 Rf7 29. Qc2 Nb4 30. Qg6 Qe2 31. Qb1 e5 32. Re4 Qd3 33. Qxd3 Nxd3 34. b3 Rb7 35. f4 Rb5 36. fxe5 fxe5 37. Re3 Nc1 38. a4 Rxb3 39. Rxe5 Rb4 40. Re8+ Kf7 41. Rc8 Rxa4 42. Rxc6 Ne2+ 43. Kf2 Nd4 44. Ra6 Ra2+ 45. Kf1 Ra1+ 46. Kg2 Ra2+ 47. Kh3 Ke6 48. Bf8+ Kf7 49. Bd6 Ke6 50. Bf8+ Kf7 51. Bd6 1/2-1/2

[Event "Voronezh op-A 22nd"]
[Site "Voronezh"]
[Date "2018.06.18"]
[Round "6"]
[White "Tiviakov, Sergei"]
[Black "Akash Pc, Iyer"]
[Result "1/2-1/2"]
[WhiteElo "2580"]
[BlackElo "2435"]
[PlyCount "91"]
[EventDate "2018.06.12"]
[EventType "swiss"]
[EventRounds "9"]
[EventCountry "RUS"]
[SourceTitle "EXT 2019"]
[Source "ChessBase"]
[SourceDate "2018.10.10"]
[SourceVersion "1"]
[SourceVersionDate "2018.10.10"]
[SourceQuality "1"]

1. e4 e5 2. Nf3 Nc6 3. Bb5 a6 4. Ba4 Nf6 5. d3 b5 6. Bb3 Bc5 7. c3 d6 8. 0-0 0-0 9. Bg5 h6 10. Bh4 Bb6 11. Nbd2 Be6 12. Bc2 g5 13. Bg3 Kh8 14. Nb3 Qe7 15. d4 Bg4 16. Re1 Nh5 17. h3 Bxf3 18. Qxf3 Nxg3 19. Rad1 a5 20. Qxg3 a4 21. Nc1 a3 22. d5 axb2 23. Nd3 Nb8 24. Bb1 Ra3 25. Nxb2 b4 26. Rd3 f5 27. exf5 Rxf5 28. Re2 e4 29. Nd1 Re5 30. Rdd2 Nd7 31. Rb2 bxc3 32. Rb3 Rxb3 33. axb3 Nf6 34. Nxc3 e3 35. fxe3 Bxe3+ 36. Kh1 Nh5 37. Qg4 Qf7 38. Kh2 Bf4+ 39. Kg1 Ng3 40. Rxe5 Bxe5 41. Bd3 h5 42. Qxg5 Bd4+ 43. Kh2 Bxc3 44. Qd8+ Kg7 45. Qg5+ Kh8 46. Qd8+ 1/2-1/2